[Event "DEM U16w 2008"]
[Site "Willingen GER"]
[Date "2008.05.11"]
[Round "2"]
[White "Lingl, Xenia"]
[Black "Rolfs, Rebecca"]
[Result "1-0"]
[Termination "normal"]
[Board "13"]
[WhiteElo "1633"]
[BlackElo "1215"]
[PlyCount "57"]
[BlackFideId "24658219"]
[EventCountry "GER"]
[EventRounds "9"]
[EventType "swiss"]
[EventDate "2008.05.10"]

1. e4 e5 2. Bc4 Nf6 3. d3 Bc5 4. Nf3 Nc6 5. c3 d6 6. Nbd2 O-O 7. O-O a6 8. Bb3
Bg4 9. h3 Be6 10. Bc2 h6 11. Qe2 Nh5 12. d4 exd4 13. cxd4 Bxd4 14. Nxd4 Nxd4
15. Qxh5 Nxc2 16. f4 Nxa1 17. Nf3 f6 18. f5 Bf7 19. Qh4 c6 20. g4 Qb6+ 21. Kh2
Qb5 22. Rf2 Qd3 23. g5 fxg5 24. Bxg5 Rfe8 25. Bxh6 Qc4 26. Bxg7 Kxg7 27. f6+
Kf8 28. Qh6+ Kg8 29. Qg7# 1-0

[Event "DEM U16w 2008"]
[Site "Willingen GER"]
[Date "2008.05.12"]
[Round "3"]
[White "Endress, Anna"]
[Black "Penne, Bo"]
[Result "0-1"]
[Termination "normal"]
[Board "1"]
[WhiteElo "2038"]
[BlackElo "1854"]
[PlyCount "106"]
[WhiteFideId "24629472"]
[BlackFideId "24642193"]
[EventCountry "GER"]
[EventRounds "9"]
[EventType "swiss"]
[EventDate "2008.05.10"]

1. e4 e6 2. d4 d5 3. Nc3 Bb4 4. e5 c5 5. a3 Bxc3+ 6. bxc3 Ne7 7. Nf3 Bd7 8. Bd3
c4 9. Be2 O-O 10. h4 Nbc6 11. h5 Qa5 12. Bd2 f6 13. O-O fxe5 14. Nxe5 Nxe5 15.
dxe5 Qc7 16. f4 Qc5+ 17. Kh2 Nf5 18. Rf3 Nh4 19. Rg3 Nf5 20. Rh3 Rac8 21. Qf1
Ba4 22. g4 Ne7 23. Be3 Qc7 24. Rc1 Nc6 25. Rf3 Rf7 26. Qf2 b6 27. Bd4 Rcf8 28.
Qe3 g6 29. hxg6 hxg6 30. Kg2 Qe7 31. Rff1 Rg7 32. Qg3 Nd8 33. Be3 Bc6 34. Kg1
Rh7 35. Ra1 Ba4 36. Rac1 Bc6 37. Ra1 Ba4 38. Bd1 Bc6 39. Bf3 Ba4 40. Rf2 Bd7
41. Bg2 Rg7 42. f5 gxf5 43. Bh6 fxg4 44. Bxg7 Qxg7 45. Rxf8+ Kxf8 46. Rf1+ Ke8
47. Rf4 Nc6 48. Rxg4 Qxe5 49. Qh4 Ne7 50. Rg3 Ba4 51. Kf2 Bxc2 52. Re3 Qxe3+
53. Kxe3 Nf5+ 0-1

[Event "DEM U16w 2008"]
[Site "Willingen GER"]
[Date "2008.05.12"]
[Round "3"]
[White "Frey, Alisa"]
[Black "Stitterich, Nadine"]
[Result "1-0"]
[Termination "normal"]
[Board "2"]
[WhiteElo "1906"]
[BlackElo "1860"]
[PlyCount "121"]
[WhiteFideId "24634662"]
[BlackFideId "24676527"]
[EventCountry "GER"]
[EventRounds "9"]
[EventType "swiss"]
[EventDate "2008.05.10"]

1. d4 Nf6 2. c4 g6 3. Nc3 Bg7 4. e4 d6 5. Nf3 O-O 6. Be2 e5 7. Be3 Nc6 8. d5
Ne7 9. Nd2 Nd7 10. b4 f5 11. f3 f4 12. Bf2 g5 13. c5 Rf6 14. Nc4 a6 15. Rc1 Bf8
16. Na4 Ng6 17. cxd6 Bxd6 18. Nc5 Ndf8 19. Rc2 b6 20. Nd3 Bd7 21. Qc1 h5 22.
Nxd6 cxd6 23. Rc7 b5 24. Qc2 Rc8 25. Bb6 Rxc7 26. Qxc7 Qxc7 27. Bxc7 Nh4 28.
Kf2 Nh7 29. Nc1 Ng6 30. Nb3 Ne7 31. Rc1 Nc8 32. Na5 Rf7 33. a4 g4 34. axb5 axb5
35. Nb7 Rf6 36. Bb8 Rg6 37. Bxb5 Bxb5 38. Rxc8+ Kg7 39. Nxd6 Bd7 40. Rd8 Nf6
41. b5 Rg5 42. b6 gxf3 43. gxf3 Bh3 44. Nf5+ Kf7 45. Nh4 Nd7 46. Bc7 Nc5 47. d6
Ke6 48. Rh8 Nb7 49. Bd8 Rg7 50. Be7 Nxd6 51. Bxd6 Kxd6 52. Rxh5 Bc8 53. Nf5+
Bxf5 54. Rxf5 Rd7 55. h4 Ke6 56. Ke2 Rh7 57. Rf8 Rb7 58. Rh8 Kf6 59. Rh6+ Kg7
60. Rc6 Kf8 61. Rc8+ 1-0

[Event "DEM U16w 2008"]
[Site "Willingen GER"]
[Date "2008.05.12"]
[Round "3"]
[White "Nguyen Minh, Thuy"]
[Black "Mertens, Pauline"]
[Result "1/2-1/2"]
[Termination "normal"]
[Board "3"]
[WhiteElo "1758"]
[BlackElo "1908"]
[PlyCount "99"]
[WhiteFideId "24672688"]
[BlackFideId "24671959"]
[EventCountry "GER"]
[EventRounds "9"]
[EventType "swiss"]
[EventDate "2008.05.10"]

1. e4 c5 2. Nf3 d6 3. d4 cxd4 4. Nxd4 Nf6 5. Nc3 a6 6. Be2 e6 7. O-O Nbd7 8.
Be3 b5 9. a3 Bb7 10. f3 Rc8 11. Qd2 Be7 12. Bd3 O-O 13. Kh1 Qc7 14. Rae1 Qb8
15. Nb3 Nc5 16. Na5 Ba8 17. b4 Nxd3 18. cxd3 e5 19. d4 Rc7 20. d5 Rfc8 21. Rc1
Bd8 22. Nb3 Rd7 23. Ne2 Rdc7 24. Ng3 Rc4 25. Nf5 Nd7 26. Bg1 Nb6 27. Bxb6 Qxb6
28. Na5 Rxc1 29. Rxc1 Rxc1+ 30. Qxc1 Qc7 31. Qxc7 Bxc7 32. Ne7+ Kf8 33. Nec6
Bxc6 34. Nxc6 g6 35. Kg1 f5 36. Kf1 Kf7 37. Ke2 Kf6 38. h4 f4 39. Kf1 Kf7 40.
g3 h5 41. gxf4 exf4 42. Nd4 Bb6 43. Ne6 Be3 44. Nc7 Bc1 45. Nxa6 Bxa3 46. Nc7
Bxb4 47. Nxb5 Kf6 48. Nc7 Ke5 49. Ne6 Ba5 50. Ke2 1/2-1/2

[Event "DEM U16w 2008"]
[Site "Willingen GER"]
[Date "2008.05.12"]
[Round "3"]
[White "Blübaum, Johanna"]
[Black "Bochis, Julia"]
[Result "1/2-1/2"]
[Termination "normal"]
[Board "4"]
[WhiteElo "1868"]
[BlackElo "1916"]
[PlyCount "111"]
[WhiteFideId "24647373"]
[BlackFideId "24647276"]
[EventCountry "GER"]
[EventRounds "9"]
[EventType "swiss"]
[EventDate "2008.05.10"]

1. d4 Nf6 2. c4 c5 3. d5 e6 4. Nc3 exd5 5. cxd5 d6 6. e4 g6 7. h3 Bg7 8. Nf3
O-O 9. Bd3 b5 10. Nxb5 Re8 11. Nd2 Nxd5 12. Nc4 Nb4 13. Bb1 Ba6 14. Nbxd6 Re6
15. a3 N4c6 16. O-O Nd4 17. Bf4 Nbc6 18. Ba2 Rxd6 19. Nxd6 Ne2+ 20. Kh1 Nxf4
21. Nxf7 Qxd1 22. Rfxd1 c4 23. Rd7 Ne6 24. Rc1 Bxb2 25. Rc2 Bxa3 26. Bxc4 Bxc4
27. Rxc4 Ne7 28. Nd6 Bxd6 29. Rxd6 Kf7 30. Ra6 g5 31. g3 h6 32. Kg2 h5 33. e5
Nf5 34. Rcc6 Nfd4 35. Rd6 Ke7 36. Ra4 Nb5 37. Rd2 Rf8 38. Rb2 Ned4 39. Rbb4 Ke6
40. Rxd4 Nxd4 41. Rxd4 Kxe5 42. Ra4 Rf7 43. Ra5+ Kf6 44. Ra6+ Kg7 45. g4 hxg4
46. hxg4 Kf8 47. Ra5 Rg7 48. Kg3 Kg8 49. Kf3 Kh7 50. Ke4 Rf7 51. f3 Kg6 52.
Ra6+ Kg7 53. Ke5 Rxf3 54. Rxa7+ Kg6 55. Ra6+ Kg7 56. Ra7+ 1/2-1/2

[Event "DEM U16w 2008"]
[Site "Willingen GER"]
[Date "2008.05.12"]
[Round "3"]
[White "Wisheckel, Lena"]
[Black "Mijatovic, Andrea"]
[Result "0-1"]
[Termination "normal"]
[Board "5"]
[WhiteElo "1702"]
[BlackElo "1864"]
[PlyCount "120"]
[WhiteFideId "24691992"]
[BlackFideId "14514524"]
[EventCountry "GER"]
[EventRounds "9"]
[EventType "swiss"]
[EventDate "2008.05.10"]

1. e4 c5 2. Nf3 d6 3. d4 cxd4 4. Nxd4 Nf6 5. Nc3 a6 6. Bg5 e6 7. Qd2 Be7 8.
O-O-O Qc7 9. f4 Nbd7 10. f5 Nc5 11. Bd3 h6 12. Be3 b5 13. a3 Bb7 14. Rde1 e5
15. Nf3 Ncxe4 16. Bxe4 Nxe4 17. Nxe4 Bxe4 18. Qf2 Rc8 19. Re2 d5 20. Bb6 Qb8
21. Ba5 f6 22. Qb6 Qxb6 23. Bxb6 Bxf5 24. Rd1 Be4 25. Ng1 Bc5 26. Bxc5 Rxc5 27.
Rdd2 Ke7 28. Re3 Rhc8 29. c3 Kf7 30. Kd1 Bg6 31. Ke1 Rd8 32. Ne2 Rc7 33. g4
Rcd7 34. Kf2 d4 35. cxd4 exd4 36. Rg3 a5 37. Nf4 Be4 38. Rb3 Rb7 39. Ne2 a4 40.
Rb4 Rbd7 41. Rbxd4 Rxd4 42. Rxd4 Rxd4 43. Nxd4 Bd3 44. h4 g6 45. Ke3 Bc4 46. h5
Bf1 47. Kf4 Bd3 48. Ke3 Bc4 49. Kf4 g5+ 50. Ke3 Be6 51. Kf3 Bd7 52. Ke4 Bxg4
53. Nxb5 f5+ 54. Ke3 f4+ 55. Kf2 Kf6 56. Nc3 Bd7 57. Nd5+ Ke5 58. Nc3 g4 59.
Ke2 Kf5 60. Kf2 g3+ 0-1

[Event "DEM U16w 2008"]
[Site "Willingen GER"]
[Date "2008.05.12"]
[Round "3"]
[White "Kinzel, Tiffany"]
[Black "Smolkina, Milana"]
[Result "0-1"]
[Termination "normal"]
[Board "6"]
[WhiteElo "1659"]
[BlackElo "1871"]
[PlyCount "138"]
[WhiteFideId "4633741"]
[BlackFideId "24618780"]
[EventCountry "GER"]
[EventRounds "9"]
[EventType "swiss"]
[EventDate "2008.05.10"]

1. e4 c5 2. Nc3 d6 3. f4 Nc6 4. Bc4 g6 5. Nf3 Bg7 6. O-O e6 7. d3 Nge7 8. Qe1
O-O 9. a3 a6 10. Qh4 b5 11. Ba2 Bb7 12. f5 exf5 13. Bg5 Qd7 14. Bh6 fxe4 15.
dxe4 Ne5 16. Ng5 Qg4 17. Rf4 Qxh4 18. Rxh4 Bf6 19. Rf1 Bxg5 20. Bxg5 Rfe8 21.
Rhf4 c4 22. Bb1 Bc8 23. Rh4 h5 24. Rhf4 Bd7 25. Ne2 N7c6 26. c3 Bg4 27. Ng3
Rac8 28. h3 Bd7 29. Rd1 Re6 30. Rf6 Rce8 31. Rxd6 Rxf6 32. Bxf6 Re6 33. Rxe6
Bxe6 34. Ne2 Nd3 35. b3 Nce5 36. bxc4 Bxc4 37. Nd4 Kf8 38. Bc2 Ke8 39. Bb3 Kd7
40. Bc2 Kd6 41. Kh2 Nc1 42. Bg7 Ne2 43. Bf8+ Kd7 44. Bb4 Nc1 45. Kg3 Na2 46.
Ba5 f6 47. Kf4 Bf1 48. Kg3 Nc4 49. Bb4 Nxb4 50. axb4 Ne5 51. Kf2 Bc4 52. Ke3
Kd6 53. Kf4 Nd3+ 54. Bxd3 Bxd3 55. g4 hxg4 56. hxg4 Bb1 57. Nf3 Bc2 58. Nd4 Bb1
59. Ne2 Bd3 60. Ng3 Bc2 61. Nf1 Bd3 62. Ne3 Bc4 63. Nc2 Bd3 64. Nd4 Bb1 65. Nf3
Bc2 66. e5+ fxe5+ 67. Nxe5 Kd5 68. Nf3 Kc4 69. Ne1 Bb1 0-1

[Event "DEM U16w 2008"]
[Site "Willingen GER"]
[Date "2008.05.12"]
[Round "3"]
[White "Micklich, Rahel"]
[Black "Kohm, Vanessa"]
[Result "0-1"]
[Termination "normal"]
[Board "7"]
[WhiteElo "1786"]
[BlackElo "1773"]
[PlyCount "48"]
[WhiteFideId "24639184"]
[BlackFideId "4674472"]
[EventCountry "GER"]
[EventRounds "9"]
[EventType "swiss"]
[EventDate "2008.05.10"]

1. e4 c5 2. c4 Nc6 3. Nc3 g6 4. g3 Bg7 5. Bg2 d6 6. d3 Bd7 7. Nge2 e6 8. Be3
Nd4 9. Qd2 Rb8 10. Bf4 Bc6 11. Nxd4 cxd4 12. Ne2 e5 13. Nxd4 exf4 14. Nf3 fxg3
15. hxg3 Ne7 16. Rc1 O-O 17. Ke2 f5 18. Ng5 fxe4 19. d4 Nf5 20. Ne6 Qe7 21. d5
Rfe8 22. Nxg7 Qxg7 23. dxc6 bxc6 24. b3 e3 0-1

[Event "DEM U16w 2008"]
[Site "Willingen GER"]
[Date "2008.05.12"]
[Round "3"]
[White "Dorn, Carina"]
[Black "Hohmann, Louisa"]
[Result "1-0"]
[Termination "normal"]
[Board "8"]
[WhiteElo "1782"]
[BlackElo "1751"]
[PlyCount "75"]
[WhiteFideId "24666335"]
[EventCountry "GER"]
[EventRounds "9"]
[EventType "swiss"]
[EventDate "2008.05.10"]

1. d4 d5 2. c4 c6 3. Nf3 Nf6 4. Nc3 e6 5. e3 Nbd7 6. Bd3 dxc4 7. Bxc4 b5 8. Bd3
b4 9. Ne2 Bb7 10. O-O Bd6 11. e4 e5 12. Bg5 O-O 13. Rc1 h6 14. Bh4 exd4 15.
Nexd4 c5 16. Nf5 Bf4 17. Rc2 Qb6 18. Re1 Rfe8 19. Rce2 g6 20. e5 Bxf3 21. gxf3
Nxe5 22. Nxh6+ Kh7 23. Rxe5 Bxe5 24. Nxf7 Bxh2+ 25. Kg2 Rxe1 26. Ng5+ Kg7 27.
Qxe1 Re8 28. Qd1 Bf4 29. Ne4 Nxe4 30. Bxe4 Qe6 31. Qa4 g5 32. Bg3 Bxg3 33. Kxg3
Qd6+ 34. Kg2 Qc7 35. Qxe8 Qd6 36. Qh5 Qf6 37. Qh7+ Kf8 38. Qf5 1-0

[Event "DEM U16w 2008"]
[Site "Willingen GER"]
[Date "2008.05.12"]
[Round "3"]
[White "Lingl, Xenia"]
[Black "Wild, Katharina"]
[Result "1-0"]
[Termination "normal"]
[Board "9"]
[WhiteElo "1633"]
[BlackElo "1882"]
[PlyCount "49"]
[BlackFideId "24678015"]
[EventCountry "GER"]
[EventRounds "9"]
[EventType "swiss"]
[EventDate "2008.05.10"]

1. e4 c6 2. d4 d5 3. e5 Bf5 4. h4 h6 5. g4 Bg6 6. h5 Bh7 7. e6 Nf6 8. Bd3 fxe6
9. Bxh7 Rxh7 10. Qd3 Qd6 11. Qg6+ Kd8 12. f4 Rh8 13. Nf3 Nbd7 14. Ne5 Qb4+ 15.
c3 Qb5 16. Nf7+ Kc7 17. Nxh8 Ne4 18. Rh3 Ndf6 19. a4 Qb3 20. Na3 Qxa4 21. f5
Ng5 22. Bf4+ Kb6 23. Bxg5 hxg5 24. b3 Qa6 25. Nc4+ 1-0

[Event "DEM U16w 2008"]
[Site "Willingen GER"]
[Date "2008.05.12"]
[Round "3"]
[White "Voss, Chantal"]
[Black "Schöbel, Ulrike"]
[Result "1-0"]
[Termination "normal"]
[Board "10"]
[WhiteElo "1951"]
[BlackElo "1258"]
[PlyCount "55"]
[WhiteFideId "4664906"]
[EventCountry "GER"]
[EventRounds "9"]
[EventType "swiss"]
[EventDate "2008.05.10"]

1. d4 f5 2. c4 Nf6 3. Nc3 e6 4. Nf3 d5 5. Bf4 Bd6 6. Bxd6 Qxd6 7. Ne5 c6 8. e3
Nbd7 9. f4 O-O 10. Be2 Ne4 11. O-O Qe7 12. Qc2 Ndf6 13. Rab1 Nxc3 14. bxc3 Ne4
15. Rb3 Qh4 16. cxd5 exd5 17. c4 Rf6 18. Nf3 Qh6 19. Rc1 Rf7 20. Ne5 Re7 21.
cxd5 Re8 22. dxc6 bxc6 23. Qxc6 Qxc6 24. Rxc6 Be6 25. Rxe6 Rxe6 26. Bc4 Kf8 27.
Bxe6 Ke7 28. Bxf5 1-0

[Event "DEM U16w 2008"]
[Site "Willingen GER"]
[Date "2008.05.12"]
[Round "3"]
[White "Falke, Cynthia"]
[Black "Niemeyer, Sarah"]
[Result "1/2-1/2"]
[Termination "normal"]
[Board "11"]
[WhiteElo "1227"]
[BlackElo "1649"]
[PlyCount "147"]
[WhiteFideId "24600644"]
[BlackFideId "24692000"]
[EventCountry "GER"]
[EventRounds "9"]
[EventType "swiss"]
[EventDate "2008.05.10"]

1. e4 c5 2. Nc3 Nc6 3. g3 g6 4. Bg2 Bg7 5. d3 d6 6. Be3 e5 7. Qd2 Nge7 8. Nf3
Nd4 9. O-O-O Bg4 10. Bxd4 cxd4 11. Ne2 O-O 12. h3 Be6 13. h4 Rc8 14. h5 Bxa2
15. hxg6 fxg6 16. Qb4 Qc7 17. Rd2 Nc6 18. Qa3 Qa5 19. Qxa5 Nxa5 20. Kd1 Rc6 21.
b3 b5 22. Neg1 Bb1 23. Ne1 Rfc8 24. Bh3 R8c7 25. Be6+ Kh8 26. Bd5 Ra6 27. f3
Nc6 28. Rdh2 h6 29. Bxc6 Rcxc6 30. Ne2 Ra1 31. Kd2 h5 32. f4 exf4 33. gxf4 Bh6
34. Rh4 Bg7 35. Rg1 Bxc2 36. Nxc2 Ra2 37. Rc1 Rb2 38. Kd1 Rxb3 39. Rh3 a5 40.
Ra1 Ra6 41. Nexd4 Rb2 42. Rc1 a4 43. Ne6 a3 44. Nxg7 Kxg7 45. d4 a2 46. Na1 Ra4
47. Rd3 Rb1 48. Kd2 Rab4 49. e5 R4b2+ 50. Rc2 Rxc2+ 51. Nxc2 a1=Q 52. Nxa1 Rxa1
53. exd6 Ra6 54. Rb3 Rxd6 55. Rxb5 Rxd4+ 56. Ke3 Rd6 57. Kf3 Rf6 58. Kg3 Kf7
59. Re5 Re6 60. Rc5 Kf6 61. Kf2 Ra6 62. Kg3 Ra3+ 63. Kg2 h4 64. Rc1 Kf5 65. Rf1
Kg4 66. Kh2 Rh3+ 67. Kg2 Rg3+ 68. Kh1 Rf3 69. Rg1+ Kf5 70. Rg5+ Kf6 71. Rg4 Kf5
72. Rg5+ Kxf4 73. Rxg6 Rg3 74. Rh6 1/2-1/2

[Event "DEM U16w 2008"]
[Site "Willingen GER"]
[Date "2008.05.12"]
[Round "3"]
[White "Rolfs, Rebecca"]
[Black "Velina, Valeria"]
[Result "0-1"]
[Termination "normal"]
[Board "12"]
[WhiteElo "1215"]
[BlackElo "1565"]
[PlyCount "100"]
[WhiteFideId "24658219"]
[BlackFideId "24677345"]
[EventCountry "GER"]
[EventRounds "9"]
[EventType "swiss"]
[EventDate "2008.05.10"]

1. e4 c5 2. Nf3 Nc6 3. d4 cxd4 4. Nxd4 Nf6 5. Nc3 e5 6. Ndb5 d6 7. Nd5 Nxd5 8.
exd5 Ne7 9. c4 Bf5 10. Qa4 Kd7 11. Be3 Nc8 12. Nc3+ Ke7 13. Be2 g6 14. O-O Bg7
15. b4 Re8 16. c5 Kf8 17. g4 Bd7 18. c6 bxc6 19. dxc6 Be6 20. b5 Nb6 21. Qb4
Kg8 22. Rad1 Bf8 23. a4 d5 24. Bc5 Bxc5 25. Qxc5 d4 26. Nb1 Nxa4 27. Qxe5 Bb3
28. Qg3 Bxd1 29. Bxd1 Nc5 30. Qa3 Qb6 31. Qb4 a6 32. Qxd4 axb5 33. Bf3 Na4 34.
Qxb6 Nxb6 35. Nc3 Ra3 36. Nxb5 Rxf3 37. c7 Rb3 38. Nd6 Ra8 39. Rc1 Nc8 40. Ne8
Kf8 41. Nf6 Ke7 42. Nxh7 f6 43. Rc6 Rb6 44. Rxb6 Nxb6 45. g5 f5 46. Nf6 Rc8 47.
h4 Rh8 48. Kg2 Kd6 49. Kg3 Kxc7 50. f4 Kd6 0-1

[Event "DEM U16w 2008"]
[Site "Willingen GER"]
[Date "2008.05.13"]
[Round "4"]
[White "Penne, Bo"]
[Black "Frey, Alisa"]
[Result "1/2-1/2"]
[Termination "normal"]
[Board "1"]
[WhiteElo "1854"]
[BlackElo "1906"]
[PlyCount "49"]
[WhiteFideId "24642193"]
[BlackFideId "24634662"]
[EventCountry "GER"]
[EventRounds "9"]
[EventType "swiss"]
[EventDate "2008.05.10"]

1. e4 c5 2. Nf3 d6 3. Bb5+ Nd7 4. O-O Ngf6 5. Re1 a6 6. Bf1 b6 7. c3 Bb7 8. d3
e6 9. Nbd2 Be7 10. d4 cxd4 11. cxd4 O-O 12. b3 Re8 13. Bb2 Rc8 14. Bd3 Rc7 15.
Qe2 Qa8 16. Rad1 b5 17. h3 Bf8 18. Rc1 Rec8 19. Rxc7 Rxc7 20. Nf1 g6 21. Ng3
Bh6 22. Ba3 Bf8 23. Bb2 Qc8 24. Qd2 Qa8 25. Qe2 1/2-1/2

[Event "DEM U16w 2008"]
[Site "Willingen GER"]
[Date "2008.05.13"]
[Round "4"]
[White "Stitterich, Nadine"]
[Black "Nguyen Minh, Thuy"]
[Result "1-0"]
[Termination "normal"]
[Board "2"]
[WhiteElo "1860"]
[BlackElo "1758"]
[PlyCount "87"]
[WhiteFideId "24676527"]
[BlackFideId "24672688"]
[EventCountry "GER"]
[EventRounds "9"]
[EventType "swiss"]
[EventDate "2008.05.10"]

1. e4 c5 2. Nf3 d6 3. d4 cxd4 4. Nxd4 Nf6 5. Nc3 a6 6. Be2 e6 7. O-O Qc7 8. f4
Nbd7 9. Be3 b5 10. a3 Bb7 11. Bf3 Nc5 12. e5 dxe5 13. Bxb7 Nxb7 14. fxe5 Qxe5
15. Qf3 Bc5 16. Rad1 O-O 17. Kh1 Qc7 18. Bg5 Be7 19. Nc6 Bd6 20. Bxf6 gxf6 21.
Ne4 f5 22. Nxd6 Nxd6 23. Qg3+ Kh8 24. Qxd6 Rac8 25. Qxc7 Rxc7 26. Nd4 Rd8 27.
c3 Rcd7 28. Rde1 Rd5 29. h3 a5 30. Rf2 b4 31. axb4 axb4 32. Nc6 Rd2 33. Nxd8
Rxf2 34. Nxf7+ Kg8 35. Ng5 Rxb2 36. cxb4 Rxb4 37. Rxe6 Rb5 38. Nf3 Kg7 39. Re5
Rxe5 40. Nxe5 Kf6 41. Nf3 Kg6 42. Kg1 h5 43. Kf2 f4 44. Ke2 1-0

[Event "DEM U16w 2008"]
[Site "Willingen GER"]
[Date "2008.05.13"]
[Round "4"]
[White "Mertens, Pauline"]
[Black "Endress, Anna"]
[Result "0-1"]
[Termination "normal"]
[Board "3"]
[WhiteElo "1908"]
[BlackElo "2038"]
[PlyCount "82"]
[WhiteFideId "24671959"]
[BlackFideId "24629472"]
[EventCountry "GER"]
[EventRounds "9"]
[EventType "swiss"]
[EventDate "2008.05.10"]

1. e4 c5 2. Nf3 e6 3. d4 cxd4 4. Nxd4 a6 5. Bd3 Nf6 6. Qe2 d6 7. O-O Qc7 8. c4
g6 9. Be3 Bg7 10. Nc3 Nbd7 11. f4 O-O 12. Rae1 b6 13. Kh1 Bb7 14. Bg1 Rfd8 15.
Nf3 Rac8 16. Nd2 Nc5 17. Bb1 Qc6 18. Rf3 Ne8 19. Ref1 b5 20. cxb5 axb5 21. a3
Nc7 22. Rd1 Qa6 23. Rh3 Na4 24. Nxa4 Qxa4 25. Nf1 Bxb2 26. Qxb2 Qxd1 27. Ne3
Qe1 28. Ng4 Ne8 29. Nh6+ Kf8 30. Qh8+ Ke7 31. Qxh7 Rd7 32. Ng8+ Kd8 33. Qh4+
Qxh4 34. Rxh4 Rc1 35. Bd3 Bc6 36. h3 Kc7 37. Rh7 Rc3 38. Bb1 Rxa3 39. Nh6 f5
40. Rxd7+ Kxd7 41. exf5 Rxh3+ 0-1

[Event "DEM U16w 2008"]
[Site "Willingen GER"]
[Date "2008.05.13"]
[Round "4"]
[White "Bochis, Julia"]
[Black "Kohm, Vanessa"]
[Result "0-1"]
[Termination "normal"]
[Board "4"]
[WhiteElo "1916"]
[BlackElo "1773"]
[PlyCount "110"]
[WhiteFideId "24647276"]
[BlackFideId "4674472"]
[EventCountry "GER"]
[EventRounds "9"]
[EventType "swiss"]
[EventDate "2008.05.10"]

1. e4 c5 2. Nf3 Nc6 3. d4 cxd4 4. Nxd4 a6 5. c4 Nf6 6. Nc3 d6 7. Be2 g6 8. Be3
Bg7 9. f3 Bd7 10. O-O O-O 11. Qd2 Re8 12. Rac1 Rc8 13. Rfe1 Ne5 14. b3 Rc7 15.
Nc2 Qb8 16. Nb4 Be6 17. Kh1 Nc6 18. Nbd5 Bxd5 19. exd5 Ne5 20. f4 Ned7 21. b4
Rcc8 22. a4 Qc7 23. a5 b6 24. c5 bxc5 25. Bxa6 Ra8 26. Bf1 cxb4 27. Nb5 Qxa5
28. Nc7 Nc5 29. Bxc5 Qxc7 30. Bxb4 Qb7 31. Rcd1 Ra4 32. Rb1 Rb8 33. Bc3 Qxb1
34. Rxb1 Rxb1 35. Qe2 Ra2 36. Qc4 Rc2 37. h3 Rbc1 38. Kh2 Rxc3 39. Qb5 Rc5 40.
Qb8+ Bf8 41. Bd3 Rxd5 42. Qb3 Rdc5 43. Qb2 R1c3 44. Bb1 Nd5 45. f5 Ne3 46. fxg6
hxg6 47. Qa2 Kg7 48. Be4 d5 49. Bf3 e6 50. Qb2 Bd6+ 51. Kg1 d4 52. Be2 Bg3 53.
Bf1 Nxf1 54. Qb4 R5c4 55. Qb5 Rc1 0-1

[Event "DEM U16w 2008"]
[Site "Willingen GER"]
[Date "2008.05.13"]
[Round "4"]
[White "Mijatovic, Andrea"]
[Black "Lingl, Xenia"]
[Result "1-0"]
[Termination "normal"]
[Board "5"]
[WhiteElo "1864"]
[BlackElo "1633"]
[PlyCount "61"]
[WhiteFideId "14514524"]
[EventCountry "GER"]
[EventRounds "9"]
[EventType "swiss"]
[EventDate "2008.05.10"]

1. e4 e6 2. d4 d5 3. exd5 exd5 4. Nf3 Nc6 5. Bb5 Bd6 6. c4 dxc4 7. d5 a6 8. Ba4
b5 9. dxc6 bxa4 10. O-O Ne7 11. Qxa4 Rb8 12. Nbd2 Rb4 13. Qc2 O-O 14. Nxc4 Bf5
15. Qc3 Nd5 16. Qd4 Re8 17. b3 Be4 18. Bb2 f6 19. Ba3 Bxf3 20. Bxb4 Nf4 21. Qd2
Re2 22. Qc3 Bxg2 23. Nxd6 Bxf1 24. Qc4+ Re6 25. Kxf1 cxd6 26. Re1 d5 27. Qxf4
Rxc6 28. Re7 Qb6 29. Qg4 g6 30. Re8+ Kg7 31. Bf8+ 1-0

[Event "DEM U16w 2008"]
[Site "Willingen GER"]
[Date "2008.05.13"]
[Round "4"]
[White "Smolkina, Milana"]
[Black "Dorn, Carina"]
[Result "1/2-1/2"]
[Termination "normal"]
[Board "6"]
[WhiteElo "1871"]
[BlackElo "1782"]
[PlyCount "146"]
[WhiteFideId "24618780"]
[BlackFideId "24666335"]
[EventCountry "GER"]
[EventRounds "9"]
[EventType "swiss"]
[EventDate "2008.05.10"]

1. e4 c6 2. d4 d5 3. exd5 cxd5 4. c4 Nf6 5. Nc3 Nc6 6. Bg5 e6 7. c5 Be7 8. Bb5
O-O 9. Nf3 Ne4 10. Bf4 Nxc3 11. bxc3 Qa5 12. Qb3 Bd7 13. Bd3 b6 14. cxb6 axb6
15. O-O Rfc8 16. Rfb1 Qa3 17. Qxb6 Qxc3 18. Ba6 Rf8 19. Rc1 Qa5 20. Rxc6 Qxb6
21. Rxb6 Bd8 22. Rd6 Ba4 23. Rc1 Be7 24. Rb6 Bd8 25. Bc7 Be7 26. Bd6 Bd8 27.
Bc7 Be7 28. Bb5 Bxb5 29. Rxb5 Rfc8 30. Rb3 Bd6 31. Rbc3 Ra3 32. Ba5 Raxc3 33.
Rxc3 Ra8 34. Ne5 Rxa5 35. Rc8+ Bf8 36. Nd7 g6 37. Rxf8+ Kg7 38. Rc8 Rxa2 39.
Kf1 Rd2 40. Ne5 Rxd4 41. Rc7 Kf6 42. Nxf7 h5 43. Nd8 Re4 44. f3 Ra4 45. Rc2 Ra8
46. Nc6 Ra4 47. Kf2 Kf5 48. Rd2 Rc4 49. Nd4+ Kf6 50. f4 Ra4 51. Ke2 Rc4 52. Kd3
e5 53. fxe5+ Kxe5 54. Re2+ Kf4 55. Re6 g5 56. Rf6+ Kg4 57. Nf5 Ra4 58. Ne3+ Kh4
59. Nxd5 Ra2 60. Ne3 Ra4 61. Rf5 Ra3+ 62. Ke4 Ra4+ 63. Kf3 g4+ 64. Ke2 g3 65.
hxg3+ Kxg3 66. Rxh5 Ra2+ 67. Kd3 Ra3+ 68. Kd2 Ra2+ 69. Ke1 Ra1+ 70. Nd1 Kxg2
71. Rf5 Kg3 72. Ke2 Ra2+ 73. Ke3 Ra3+ 1/2-1/2

[Event "DEM U16w 2008"]
[Site "Willingen GER"]
[Date "2008.05.13"]
[Round "4"]
[White "Voss, Chantal"]
[Black "Blübaum, Johanna"]
[Result "1-0"]
[Termination "normal"]
[Board "7"]
[WhiteElo "1951"]
[BlackElo "1868"]
[PlyCount "79"]
[WhiteFideId "4664906"]
[BlackFideId "24647373"]
[EventCountry "GER"]
[EventRounds "9"]
[EventType "swiss"]
[EventDate "2008.05.10"]

1. d4 Nf6 2. c4 c5 3. Nf3 cxd4 4. Nxd4 e6 5. Nc3 d5 6. cxd5 Nxd5 7. Bd2 Bc5 8.
Nb3 Be7 9. e4 Nf6 10. Be2 O-O 11. O-O Nc6 12. Be3 b6 13. Qc1 Bb7 14. f3 Rc8 15.
Rd1 Qc7 16. Bf4 e5 17. Bg3 Qb8 18. Qe3 Na5 19. Kh1 Nxb3 20. axb3 Rfd8 21. Bc4
Nh5 22. Be1 Nf4 23. g3 Bc5 24. Qc1 Rxd1 25. Qxd1 Ng6 26. Qd7 Rc7 27. Qd3 Qc8
28. Rd1 Bd4 29. Nb5 Rd7 30. Nxa7 Qd8 31. Nb5 Ne7 32. Qe2 Ba6 33. Nxd4 Bxc4 34.
bxc4 Rxd4 35. Rxd4 Qxd4 36. Bf2 Qd6 37. Qe3 Nc8 38. c5 Qd7 39. cxb6 g6 40. Qc5
1-0

[Event "DEM U16w 2008"]
[Site "Willingen GER"]
[Date "2008.05.13"]
[Round "4"]
[White "Hohmann, Louisa"]
[Black "Micklich, Rahel"]
[Result "1/2-1/2"]
[Termination "normal"]
[Board "8"]
[WhiteElo "1751"]
[BlackElo "1786"]
[PlyCount "65"]
[BlackFideId "24639184"]
[EventCountry "GER"]
[EventRounds "9"]
[EventType "swiss"]
[EventDate "2008.05.10"]

1. e4 c5 2. Nf3 d6 3. d4 cxd4 4. Nxd4 Nf6 5. Be3 Nxe4 6. f3 Qa5+ 7. c3 Nf6 8.
Nd2 a6 9. Nc4 Qc7 10. Qb3 b5 11. Nxb5 axb5 12. Nb6 Ra5 13. Qb4 Nc6 14. Bxb5 Ra6
15. Qc4 Rxb6 16. Bxb6 Qxb6 17. Qxc6+ Qxc6 18. Bxc6+ Bd7 19. Bxd7+ Kxd7 20. a4
g6 21. Kd2 Bh6+ 22. Kd3 Nd5 23. g3 Rb8 24. Rhb1 Bg7 25. Ra3 Ra8 26. a5 Kc6 27.
b4 Nxc3 28. Rxc3+ Bxc3 29. Kxc3 Kb5 30. Re1 Rc8+ 31. Kb3 e6 32. Re2 e5 33. Rc2
1/2-1/2